[Event "EU Small Countries ol 7th"]
[Site "Sliema"]
[Date "2021.11.30"]
[Round "4.1"]
[White "Apol, Luitjen Akselsson"]
[Black "Mooney, Graham"]
[Result "1-0"]
[WhiteElo "2111"]
[BlackElo "1896"]
[PlyCount "59"]
[EventDate "2021.11.28"]
[EventType "team-tourn"]
[EventRounds "9"]
[EventCountry "MLT"]
[SourceTitle "CBM 205 Extra"]
[Source "ChessBase"]
[SourceDate "2022.01.31"]
[SourceVersion "1"]
[SourceVersionDate "2022.01.31"]
[SourceQuality "1"]
[WhiteTeam "Faroe Islands"]
[BlackTeam "Jersey"]
[WhiteTeamCountry "FAI"]
[BlackTeamCountry "GCI"]

1. d4 d6 2. e4 Nf6 3. Nc3 g6 4. Be3 Bg7 5. Qd2 c6 6. Bh6 Bxh6 7. Qxh6 Qb6 8. 0-0-0 Na6 9. h3 Nc7 10. Nf3 Ne6 11. d5 Nc5 12. Ng5 Bd7 13. Bc4 cxd5 14. Nxd5 Nxd5 15. exd5 Qc7 16. Rhe1 Bf5 17. g4 Bxc2 18. Kxc2 Na6 19. Kb1 Qxc4 20. Qg7 Kd7 21. Qxf7 Rhe8 22. Qe6+ Kd8 23. Nf7+ Kc7 24. Rc1 Qxc1+ 25. Rxc1+ Kb6 26. Ne5 Nc5 27. Nd7+ Nxd7 28. Qxd7 a5 29. a4 Ra6 30. Qxe8 1-0

[Event "EU Small Countries ol 6th"]
[Site "San Marino"]
[Date "2019.03.25"]
[Round "2.1"]
[White "Mooney, Graham"]
[Black "Fluvia Poyatos, Jordi"]
[Result "0-1"]
[WhiteElo "1907"]
[BlackElo "2463"]
[PlyCount "42"]
[EventDate "2019.03.24"]
[EventType "team-tourn"]
[EventRounds "9"]
[EventCountry "SMR"]
[SourceTitle "CBM 189 Extra"]
[Source "ChessBase"]
[SourceDate "2019.06.03"]
[SourceVersion "1"]
[SourceVersionDate "2019.06.03"]
[SourceQuality "1"]
[WhiteTeam "Jersey"]
[BlackTeam "Andorra"]
[WhiteTeamCountry "GCI"]
[BlackTeamCountry "AND"]

1. e4 c5 2. Nf3 d6 3. d4 cxd4 4. Nxd4 Nf6 5. Nc3 g6 6. Be2 Bg7 7. Be3 0-0 8. Qd2 Nc6 9. 0-0-0 Nxd4 10. Bxd4 Be6 11. Kb1 b5 12. Bxb5 Rb8 13. Bd3 Rb4 14. Ne2 Qb8 15. b3 a5 16. Bc3 Nxe4 17. Bxe4 Rxe4 18. Bxa5 Qa7 19. Ng3 Rd4 20. Qg5 Bf6 21. Qb5 Rb8 0-1

[Event "Olympiad-43"]
[Site "Batumi"]
[Date "2018.10.04"]
[Round "10.3"]
[White "Mooney, Graham"]
[Black "Cabuso, Rustam"]
[Result "1-0"]
[WhiteElo "1892"]
[BlackElo "1730"]
[PlyCount "111"]
[EventDate "2018.09.24"]
[EventType "team-swiss"]
[EventRounds "11"]
[EventCountry "GEO"]
[SourceTitle "CBM 187"]
[Source "ChessBase"]
[SourceDate "2018.12.11"]
[SourceVersion "1"]
[SourceVersionDate "2018.12.11"]
[SourceQuality "1"]
[WhiteTeam "Jersey"]
[BlackTeam "Palau"]
[WhiteTeamCountry "GCI"]
[BlackTeamCountry "PAL"]

1. e4 c5 2. Nf3 Nc6 3. d4 cxd4 4. Nxd4 Nxd4 5. Qxd4 e6 6. Nc3 a6 7. Be2 d6 8. 0-0 Bd7 9. Be3 Qc7 10. Rad1 Nf6 11. Rd2 Rd8 12. Rfd1 e5 13. Qd3 Bc6 14. Nd5 Bxd5 15. exd5 g6 16. Bg5 Be7 17. Bh6 Bf8 18. Be3 Be7 19. Qb3 Rc8 20. f4 exf4 21. Bxf4 0-0 22. Bf3 Rfe8 23. Be3 Bf8 24. Bd4 Bg7 25. Bb6 Qd7 26. Rf1 Ng4 27. Bd4 Be5 28. Bxg4 Qxg4 29. Bxe5 Rxe5 30. Qxb7 Rf8 31. Qxa6 Qb4 32. c3 Qc5+ 33. Kh1 Rxd5 34. Rxd5 Qxd5 35. a4 Ra8 36. Qb5 Qxb5 37. axb5 Rb8 38. c4 d5 39. b3 Kf8 40. Rd1 dxc4 41. bxc4 Ke7 42. Kg1 Rd8 43. Rxd8 Kxd8 44. Kf2 Kc7 45. c5 h5 46. Ke3 f6 47. Ke4 Kd7 48. Kd5 f5 49. b6 g5 50. c6+ Kc8 51. Ke5 f4 52. h4 f3 53. gxf3 g4 54. fxg4 hxg4 55. h5 g3 56. h6 1-0

[Event "Dundee & Angus op"]
[Site "Dundee"]
[Date "2016.10.07"]
[Round "1"]
[White "Mooney, Graham"]
[Black "Sanger, Jake M"]
[Result "1/2-1/2"]
[WhiteElo "1888"]
[BlackElo "1563"]
[PlyCount "100"]
[EventDate "2016.10.07"]
[EventType "swiss"]
[EventRounds "5"]
[EventCountry "SCO"]
[SourceTitle "EXT 2023"]
[Source "ChessBase"]
[SourceDate "2022.10.05"]
[SourceVersion "1"]
[SourceVersionDate "2022.10.05"]
[SourceQuality "1"]

1. e4 e6 2. Nf3 d5 3. Nc3 Nf6 4. e5 Nfd7 5. d4 c5 6. Bf4 Nc6 7. dxc5 Bxc5 8. Bd3 Nb4 9. 0-0 Nxd3 10. Qxd3 a6 11. a4 Nf8 12. Rab1 Ng6 13. Bg3 Qe7 14. a5 Bd7 15. Nd4 Rc8 16. Nce2 Bb4 17. Ra1 Qd8 18. Nb3 Bb5 19. Qd1 Qc7 20. c3 Be7 21. Nbd4 Bxe2 22. Qxe2 h5 23. h3 h4 24. Bh2 Qc4 25. Qd2 Nf8 26. Qd1 Nd7 27. Kh1 Nc5 28. f3 Kd7 29. Rf2 Bg5 30. Rc2 Be3 31. Re2 Bxd4 32. cxd4 Nb3 33. Ra3 Qxd4 34. Qe1 Rc1 35. Rxb3 Rxe1+ 36. Rxe1 Rc8 37. Bg1 Qd2 38. Rbe3 Qxa5 39. f4 Rc2 40. f5 Rxb2 41. fxe6+ fxe6 42. Rf1 Qd2 43. Rf7+ Ke8 44. Rxg7 Kf8 45. Rg4 Rb1 46. Rf3+ Ke7 47. Rg7+ Ke8 48. Kh2 Qe1 49. Rg8+ Kd7 50. Rf7+ Kc6 1/2-1/2

[Event "Olympiad-42"]
[Site "Baku"]
[Date "2016.09.06"]
[Round "5.3"]
[White "Alothman, Abdul Wahab"]
[Black "Mooney, Graham"]
[Result "0-1"]
[WhiteElo "2056"]
[BlackElo "1840"]
[PlyCount "116"]
[EventDate "2016.09.02"]
[EventType "team-swiss"]
[EventRounds "11"]
[EventCountry "AZE"]
[SourceTitle "CBM 175"]
[Source "ChessBase"]
[SourceDate "2016.11.10"]
[SourceVersion "1"]
[SourceVersionDate "2016.11.10"]
[SourceQuality "1"]
[WhiteTeam "Kuwait"]
[BlackTeam "Jersey"]
[WhiteTeamCountry "KUW"]
[BlackTeamCountry "GCI"]

1. d4 d6 2. Nf3 g6 3. Bf4 Bg7 4. e3 c5 5. c3 cxd4 6. exd4 Nf6 7. Bd3 0-0 8. 0-0 a6 9. Nbd2 Re8 10. Re1 Nc6 11. Qc2 Bg4 12. h3 Bxf3 13. Nxf3 Rc8 14. Qd2 Qd7 15. Bh2 Rcd8 16. Rad1 e6 17. c4 Ne7 18. b4 Nc6 19. a4 e5 20. dxe5 dxe5 21. Nxe5 Nxe5 22. Bxe5 Qxa4 23. Qc3 Ne4 24. Qa1 Qxa1 25. Bxa1 Bxa1 26. Bxe4 Rxd1 27. Rxd1 Rxe4 28. Rxa1 Rxc4 29. Rb1 f5 30. Kf1 Kf7 31. Ke2 Kf6 32. Kd3 Rc7 33. g3 Rd7+ 34. Ke3 Ke6 35. g4 Rc7 36. gxf5+ Kxf5 37. Rb2 Rc3+ 38. Kd4 Rxh3 39. b5 Rh4+ 40. Kc5 axb5 41. Rxb5 Rf4 42. Rxb7 h5 43. Kd5 Kg4 44. Rb2 h4 45. Ke5 h3 46. Rd2 Rf8 47. Rc2 Kf3 48. Rc3+ Kxf2 49. Rxh3 g5 50. Rh2+ Kf3 51. Rh1 Kg2 52. Ra1 g4 53. Ke4 g3 54. Ke3 Kh2 55. Ra7 g2 56. Rh7+ Kg1 57. Ke2 Re8+ 58. Kd2 Re5 0-1

[Event "EU-ch Small Nations zt 1.10"]
[Site "Luxembourg"]
[Date "2016.04.02"]
[Round "1"]
[White "De la Riva Aguado, Oscar"]
[Black "Mooney, Graham"]
[Result "1-0"]
[WhiteElo "2494"]
[BlackElo "1867"]
[PlyCount "47"]
[EventDate "2016.04.02"]
[EventType "tourn"]
[EventRounds "11"]
[EventCountry "LUX"]
[SourceTitle "CBM 171 Extra"]
[Source "ChessBase"]
[SourceDate "2016.04.26"]
[SourceVersion "1"]
[SourceVersionDate "2016.04.26"]
[SourceQuality "1"]

1. e4 c5 2. Nf3 g6 3. c3 Bg7 4. d4 cxd4 5. cxd4 d6 6. Nc3 Nf6 7. h3 a6 8. Bd3 0-0 9. 0-0 Nc6 10. Be3 d5 11. e5 Ne8 12. Rc1 f6 13. Nxd5 fxe5 14. dxe5 Nxe5 15. Nxe5 Bxe5 16. Nb6 Be6 17. Nxa8 Qxa8 18. Bc4 Bxc4 19. Rxc4 b5 20. Rc5 Bf6 21. Bd4 Qe4 22. Bxf6 Nxf6 23. Re1 Qh4 24. Rxe7 1-0

[Event "Dundee & Angus op"]
[Site "Dundee"]
[Date "2015.10.09"]
[Round "1"]
[White "Chambers, Daniel"]
[Black "Mooney, Graham"]
[Result "0-1"]
[WhiteElo "1637"]
[BlackElo "1846"]
[PlyCount "76"]
[EventDate "2015.10.09"]
[EventType "swiss"]
[EventRounds "5"]
[EventCountry "SCO"]
[SourceTitle "EXT 2023"]
[Source "ChessBase"]
[SourceDate "2022.10.05"]
[SourceVersion "1"]
[SourceVersionDate "2022.10.05"]
[SourceQuality "1"]

1. e4 c5 2. Nf3 g6 3. d4 cxd4 4. Nxd4 Bg7 5. c4 Nc6 6. Nc2 Nf6 7. Nc3 d6 8. Be2 0-0 9. 0-0 Be6 10. Ne3 Rc8 11. Rb1 Ne5 12. b3 a6 13. f4 Nc6 14. Ned5 Bxd5 15. exd5 Nb8 16. Bb2 Nbd7 17. Kh1 Nc5 18. Bf3 Rb8 19. b4 Ncd7 20. Qe2 Re8 21. Nd1 Rc8 22. Ne3 a5 23. Bd4 axb4 24. Rxb4 Qc7 25. Rfb1 Nc5 26. Bxc5 dxc5 27. Rxb7 Qxf4 28. Ng4 Nxg4 29. Bxg4 Rb8 30. g3 Rxb7 31. Rxb7 Qf6 32. Kg2 h5 33. Bd7 Ra8 34. a4 Qd6 35. Bc6 Rb8 36. Rxe7 Rb2 37. a5 Qxe7 38. Qxb2 Bxb2 0-1

[Event "EU Small Countries ol 4th"]
[Site "Saint Peter Port"]
[Date "2015.04.24"]
[Round "8.4"]
[White "Wiedenkeller, Michael"]
[Black "Mooney, Graham"]
[Result "1-0"]
[WhiteElo "2470"]
[BlackElo "1870"]
[PlyCount "81"]
[EventDate "2015.04.19"]
[EventType "team-tourn"]
[EventRounds "9"]
[EventCountry "GCI"]
[SourceTitle "CBM 166 Extra"]
[Source "ChessBase"]
[SourceDate "2015.06.18"]
[SourceVersion "1"]
[SourceVersionDate "2015.06.18"]
[SourceQuality "1"]
[WhiteTeam "Luxembourg"]
[BlackTeam "Jersey"]
[WhiteTeamCountry "LUX"]
[BlackTeamCountry "GCI"]

1. d4 d6 2. c4 e5 3. d5 f5 4. e4 Nf6 5. exf5 Bxf5 6. Ne2 Be7 7. Ng3 Bg6 8. Nc3 Nbd7 9. h4 h6 10. h5 Bf7 11. Bd3 e4 12. Ncxe4 Ne5 13. Be2 0-0 14. 0-0 c6 15. Nxf6+ Bxf6 16. Ne4 Be7 17. Be3 cxd5 18. cxd5 Nd7 19. Qb3 b6 20. Bd4 Bf6 21. Rad1 Bxd4 22. Rxd4 Nc5 23. Qg3 Nxe4 24. Rxe4 Qf6 25. Rb4 Rac8 26. Bg4 Rc7 27. Rd1 Kh8 28. Rf4 Qxb2 29. Be6 Qe2 30. Qd3 Qxh5 31. Re1 Kg8 32. g4 Qg5 33. Qf3 h5 34. Ree4 hxg4 35. Rxg4 Rc1+ 36. Kg2 Qh6 37. Bxf7+ Rxf7 38. Re8+ Kh7 39. Qe4+ g6 40. Rh4 Rxf2+ 41. Kxf2 1-0

[Event "Dundee & Angus op"]
[Site "Dundee"]
[Date "2013.10.12"]
[Round "2"]
[White "Mooney, Graham"]
[Black "Romilly, Peter J"]
[Result "1/2-1/2"]
[WhiteElo "1816"]
[BlackElo "2126"]
[PlyCount "41"]
[EventDate "2013.10.11"]
[EventType "swiss"]
[EventRounds "5"]
[EventCountry "SCO"]
[SourceTitle "EXT 2017"]
[Source "ChessBase"]
[SourceDate "2016.10.25"]
[SourceVersion "1"]
[SourceVersionDate "2016.10.25"]
[SourceQuality "1"]

1. e4 c5 2. Nf3 d6 3. d4 cxd4 4. Nxd4 Nf6 5. Nc3 Nc6 6. Be3 Ng4 7. Qd2 e6 8. Be2 Nxe3 9. Qxe3 Qb6 10. Ndb5 Qxe3 11. fxe3 Rb8 12. 0-0-0 Bd7 13. Nxd6+ Bxd6 14. Rxd6 Ke7 15. Rhd1 Ne5 16. R6d4 Rhc8 17. h3 Rc5 18. R1d2 b5 19. Nd1 b4 20. Nf2 Bc6 21. Nd3 1/2-1/2

[Event "Olympiad-40"]
[Site "Istanbul"]
[Date "2012.09.04"]
[Round "7.4"]
[White "Mooney, Graham"]
[Black "Smith, Michael A"]
[Result "1-0"]
[WhiteElo "1938"]
[BlackElo "1596"]
[PlyCount "39"]
[EventDate "2012.08.28"]
[EventType "team-swiss"]
[EventRounds "11"]
[EventCountry "TUR"]
[SourceTitle "CBM 151"]
[Source "ChessBase"]
[SourceDate "2012.11.13"]
[SourceVersion "1"]
[SourceVersionDate "2012.11.13"]
[SourceQuality "1"]
[WhiteTeam "Jersey"]
[BlackTeam "US Virgin Islands"]
[WhiteTeamCountry "JCI"]
[BlackTeamCountry "ISV"]

1. e4 c6 2. d4 d5 3. Nc3 dxe4 4. Nxe4 Nf6 5. Nxf6+ gxf6 6. Bc4 Bf5 7. Ne2 Nd7 8. c3 e6 9. h4 Bd6 10. Ng3 Bxg3 11. fxg3 Rg8 12. 0-0 Rxg3 13. Rxf5 Qe7 14. Rf2 0-0-0 15. Bf1 Rdg8 16. Qa4 Rh3 17. Qxa7 Rxh4 18. Bf4 e5 19. dxe5 fxe5 20. Re1 1-0

[Event "Olympiad-40"]
[Site "Istanbul"]
[Date "2012.09.01"]
[Round "5.4"]
[White "Boydia, Sidi"]
[Black "Mooney, Graham"]
[Result "1-0"]
[WhiteElo "2024"]
[BlackElo "1938"]
[PlyCount "91"]
[EventDate "2012.08.28"]
[EventType "team-swiss"]
[EventRounds "11"]
[EventCountry "TUR"]
[SourceTitle "CBM 151"]
[Source "ChessBase"]
[SourceDate "2012.11.13"]
[SourceVersion "1"]
[SourceVersionDate "2012.11.13"]
[SourceQuality "1"]
[WhiteTeam "Mauritania"]
[BlackTeam "Jersey"]
[WhiteTeamCountry "MAU"]
[BlackTeamCountry "JCI"]

1. e4 c5 2. Nf3 d6 3. g3 g6 4. Bg2 Bg7 5. d3 Nc6 6. 0-0 Nf6 7. Re1 0-0 8. c3 Bg4 9. Nbd2 Rc8 10. h3 Bd7 11. Nf1 b5 12. Be3 a5 13. Qd2 c4 14. dxc4 bxc4 15. Bh6 Ne5 16. Bxg7 Kxg7 17. Nxe5 dxe5 18. g4 Qc7 19. Ng3 Rfd8 20. Qe2 Ba4 21. g5 Ne8 22. h4 Rd6 23. h5 Qd7 24. Nf1 Rd3 25. Ne3 Rd2 26. Qf3 Rxb2 27. Nd5 Nc7 28. Bh3 Ne6 29. Qg4 Rd8 30. Qh4 Rh8 31. h6+ Kf8 32. Qg3 Qd6 33. Rab1 Rxb1 34. Rxb1 Nf4 35. Nxf4 exf4 36. Qf3 f5 37. e5 Qd3 38. Qa8+ Kf7 39. Qxh8 Qxb1+ 40. Bf1 Qd1 41. Qxh7+ Ke6 42. Qxg6+ Kxe5 43. h7 Qg4+ 44. Bg2 f3 45. h8Q+ Kf4 46. Qd4# 1-0

[Event "Olympiad-40"]
[Site "Istanbul"]
[Date "2012.08.30"]
[Round "3.4"]
[White "Bazil, Joslin"]
[Black "Mooney, Graham"]
[Result "1-0"]
[WhiteElo "1812"]
[BlackElo "1938"]
[PlyCount "85"]
[EventDate "2012.08.28"]
[EventType "team-swiss"]
[EventRounds "11"]
[EventCountry "TUR"]
[SourceTitle "CBM 151"]
[Source "ChessBase"]
[SourceDate "2012.11.13"]
[SourceVersion "1"]
[SourceVersionDate "2012.11.13"]
[SourceQuality "1"]
[WhiteTeam "Haiti"]
[BlackTeam "Jersey"]
[WhiteTeamCountry "HAI"]
[BlackTeamCountry "JCI"]

1. d4 Nf6 2. c4 g6 3. Nc3 Bg7 4. e4 d6 5. Bd3 0-0 6. Nge2 Nbd7 7. f4 e5 8. 0-0 exd4 9. Nxd4 Re8 10. Re1 c6 11. Nb3 Nf8 12. h3 N6d7 13. Qf3 Ne6 14. Be3 Qh4 15. Rad1 Nb6 16. Rf1 Rf8 17. Be2 Rd8 18. Kh2 f5 19. exf5 gxf5 20. Nd4 Nxd4 21. Bxd4 Be6 22. b3 Bxd4 23. Rxd4 d5 24. cxd5 Nxd5 25. Nxd5 Bxd5 26. Qc3 Bf7 27. Bc4 Rxd4 28. Qxd4 Qe7 29. Rf3 Bxc4 30. Rg3+ Kf8 31. Qh8+ Kf7 32. Qxa8 Ba6 33. Qxa7 Qe4 34. Qe3 Kf6 35. Rf3 h5 36. Kg3 Kg6 37. Qd2 Qd5 38. Qf2 Bd3 39. Kh2 Be4 40. Rg3+ Kh6 41. Qb2 Qf7 42. Qh8+ Qh7 43. Qf6+ 1-0

[Event "Olympiad-40"]
[Site "Istanbul"]
[Date "2012.08.29"]
[Round "2.4"]
[White "Mooney, Graham"]
[Black "Kayonde, Andrew"]
[Result "0-1"]
[WhiteElo "1938"]
[BlackElo "2180"]
[PlyCount "66"]
[EventDate "2012.08.28"]
[EventType "team-swiss"]
[EventRounds "11"]
[EventCountry "TUR"]
[SourceTitle "CBM 151"]
[Source "ChessBase"]
[SourceDate "2012.11.13"]
[SourceVersion "1"]
[SourceVersionDate "2012.11.13"]
[SourceQuality "1"]
[WhiteTeam "Jersey"]
[BlackTeam "Zambia"]
[WhiteTeamCountry "JCI"]
[BlackTeamCountry "ZAM"]

1. e4 g6 2. d4 Bg7 3. Nf3 d6 4. Nc3 a6 5. Be3 b5 6. a3 Bb7 7. Be2 Nd7 8. Nd2 c5 9. Nb3 cxd4 10. Bxd4 Ngf6 11. f3 0-0 12. 0-0 Rc8 13. Qe1 e5 14. Be3 d5 15. exd5 Nxd5 16. Nxd5 Bxd5 17. Bd3 Qe7 18. Bd2 Qe6 19. Bb4 Rfe8 20. Nd2 f5 21. Qh4 Bf6 22. Qh3 Qb6+ 23. Kh1 a5 24. Bc3 b4 25. axb4 axb4 26. Ra6 Qb7 27. Rxf6 Nxf6 28. Qh4 bxc3 29. bxc3 Kg7 30. c4 e4 31. fxe4 Bxe4 32. Bxe4 Nxe4 33. Nf3 Qe7 0-1

[Event "BCF-chT3 0910 (4NCL)"]
[Site "England"]
[Date "2010.05.03"]
[Round "11.4"]
[White "Mooney, Graham"]
[Black "Price, Michael C"]
[Result "1-0"]
[WhiteElo "1986"]
[BlackElo "1906"]
[PlyCount "119"]
[EventDate "2009.10.24"]
[EventType "team-tourn"]
[EventRounds "11"]
[EventCountry "ENG"]
[SourceTitle "EXT 2011"]
[Source "ChessBase"]
[SourceDate "2010.11.26"]
[SourceVersion "1"]
[SourceVersionDate "2010.11.26"]
[SourceQuality "1"]
[WhiteTeam "Guernsey Mates"]
[BlackTeam "Celtic Tigers II"]
[WhiteTeamCountry "ENG"]
[BlackTeamCountry "ENG"]

1. e4 c5 2. Nf3 d6 3. d4 cxd4 4. Nxd4 Nf6 5. Nc3 g6 6. Be3 Bg7 7. f3 Nc6 8. Bc4 0-0 9. Qd2 Bd7 10. h4 Rc8 11. Bb3 Ne5 12. Bh6 Nc4 13. Bxc4 Rxc4 14. Bxg7 Kxg7 15. h5 Nxh5 16. g4 e5 17. Nb3 Nf4 18. 0-0-0 Rxc3 19. bxc3 Qb6 20. Qxd6 Qxd6 21. Rxd6 Be6 22. Kb2 Rc8 23. Rh2 h5 24. gxh5 Nxh5 25. Rhd2 Nf4 26. Nc1 Rc5 27. Nd3 Rb5+ 28. Nb4 Bh3 29. a4 Ra5 30. Kb3 Bg2 31. Rf2 Bh3 32. Nd3 b5 33. axb5 Rxb5+ 34. Kc4 Ra5 35. Kb4 Ra1 36. Nxf4 exf4 37. c4 a5+ 38. Kc3 Be6 39. c5 Ra4 40. Rd4 Ra3+ 41. Kb2 Ra2+ 42. Kb1 Kf6 43. c6 Ra3 44. Rd3 Ra4 45. Rc3 Rb4+ 46. Kc1 Rb8 47. c7 Rc8 48. Rd2 Ke7 49. Kb2 g5 50. Ka3 Bd7 51. Rd5 g4 52. fxg4 Bxg4 53. Ka4 f3 54. Rd2 Ke6 55. Kxa5 Ke5 56. Kb6 Kxe4 57. Rc4+ Ke3 58. Rd3+ Ke2 59. Re4+ Kf2 60. Rxg4 1-0